| 000 | 00773nam a22001697a 4500 | ||
|---|---|---|---|
| 020 | _a9780135454840 | ||
| 041 | _aeng | ||
| 080 | _a81.2 | ||
| 090 | _bMCC | ||
| 100 | _aMcClenaghan, William A. | ||
| 245 | _aMagruders American Government. Annotated teacher | ||
| 260 |
_aMassachusettes _bNeedham _c1988 |
||
| 300 | _a799 | ||
| 520 |
_aThis is a book about government and more, particularly, about government in the USA. Over the course of its 26 chapters and more than 800 pages, we shall consider the ways in which government in this country is orginized, the ways in which it is controlled by the people, the many things that it does, and the various ways in which it does them. _0Government, constitution, federalism, freedom. |
||
| 650 | _aPolitics | ||
| 999 |
_c279286 _d279286 |
||
| 942 | _cBK | ||